Países bañados por el Océano Pacífico - Estadísticas

Estadísticas generales
  • Esta prueba ha sido intentada 49 veces
  • La puntuación promedio es 36 de 42
Estadísticas de respuestas
País % Correcto
Australia
98%
Chile
95%
Estados Unidos
95%
Japón
95%
Nueva Zelanda
95%
Colombia
93%
Ecuador
93%
Estados Federados de Micronesia
93%
México
93%
Panamá
93%
Corea del Sur
91%
Guatemala
91%
Indonesia
91%
Canadá
89%
China
89%
Corea del Norte
89%
Costa Rica
89%
Filipinas
89%
Fiyi
89%
Perú
89%
Rusia
89%
Tailandia
89%
Vietnam
89%
Nicaragua
86%
Taiwán
86%
Camboya
84%
El Salvador
84%
Honduras
84%
Islas Marshall
82%
Malasia
82%
Papúa Nueva Guinea
82%
Samoa
82%
Singapur
82%
Vanuatu
82%
Tuvalu
80%
Kiribati
77%
Palaos
77%
Timor Oriental
77%
Tonga
77%
Islas Salomón
75%
Nauru
75%
Brunéi
70%
No se encontraron pruebas coincidentes
Distribución de puntuación
Porcentaje de gente con cada puntuación
Porcentaje por número respondido
Historial de tus puntuaciones
No has intentado esta prueba.